Βίωμα, μεταφορά και πολυτροπικότητα : εφαρμογές στην επικοινωνία, την εκπαίδευση, τη μάθηση και τη γνώση

Αποθηκεύτηκε σε:
Λεπτομέρειες βιβλιογραφικής εγγραφής
Άλλοι συγγραφείς: Κατσαρού, Ελένη (edtf), Πουρκός, Μάριος Α. (Επιμελητής έκδοσης)
Μορφή: Βιβλίο
Γλώσσα:Greek
Δημοσίευση: Θεσσαλονίκη : Νησίδες, 2011.
Θέματα:
Ετικέτες: Προσθήκη ετικέτας
Δεν υπάρχουν, Καταχωρήστε ετικέτα πρώτοι!

MARC

LEADER 00000cam a2200000 i 4500
001 1/55891
008 140915s2011 gr | ||| |||| ||gre||
020 |a 9789609488068 
035 |l 10119086 
040 |a GR-MY-UA  |b gre  |e aacr 
041 0 |a gre  |b eng 
082 7 |a 370.15   |2 (23) 
245 0 0 |a Βίωμα, μεταφορά και πολυτροπικότητα :   |b εφαρμογές στην επικοινωνία, την εκπαίδευση, τη μάθηση και τη γνώση /   |c εισαγωγή-επιμέλεια: Μάριος Α. Πουρκός και Ελένη Κατσαρού.  
260 |a Θεσσαλονίκη :   |b Νησίδες,   |c 2011.  
300 |a 652 σ. :   |b εικ. ;   |c 24 εκ.  
500 |a Πειλαμβάνει κείμενα και περιλήψεις στα αγγλικά.  
504 |a Περιλαμβάνει βιβλιογραφικές παραπομπές.  
650 0 0 |a Learning  |x Cross-cultural studies. 
650 0 0 |a Experience  |x Cross-cultural studies. 
650 0 0 |a Communication  |x Cross-cultural studies. 
650 0 0 |a Metaphor  |x Cross-cultural studies. 
700 1 |a Κατσαρού, Ελένη,  |e edtf 
700 1 |a Πουρκός, Μάριος Α.  |e edt 
852 |a INST  |b RHODES  |e 20140915  |h 370.15 ΒΙΩ  |p 005400036761  |q 005400036761  |t BK  |y 0 
901 |a BIBL4-2014-3 
909 |a Ρ  |b 189612 
922 |a 4ΕΛΗ  |b 201405  |c ΤΑΚ/ΠΤΔΕ  |d BEST BOOK HUNTERS 
970 |z 2014/09/15